The worlds of the Indian Ocean : (Record no. 27166)
[ view plain ]
| 000 -LEADER | |
|---|---|
| fixed length control field | 02411nam a2200337 i 4500 |
| 006 - FIXED-LENGTH DATA ELEMENTS--ADDITIONAL MATERIAL CHARACTERISTICS--GENERAL INFORMATION | |
| fixed length control field | m|||||o||d|||||||| |
| 007 - PHYSICAL DESCRIPTION FIXED FIELD--GENERAL INFORMATION | |
| fixed length control field | cr|||||||||||| |
| 008 - FIXED-LENGTH DATA ELEMENTS--GENERAL INFORMATION | |
| fixed length control field | 170706s2019||||enk o ||1 0|eng|d |
| 020 ## - INTERNATIONAL STANDARD BOOK NUMBER | |
| International Standard Book Number | 9781108341004 (ebook) |
| Qualifying information (R) | Online Resource |
| 040 ## - CATALOGING SOURCE | |
| Original cataloging agency | UkCbUP |
| Language of cataloging | eng |
| Description conventions | rda |
| 041 1# - LANGUAGE CODE | |
| Language code of text/sound track or separate title | eng |
| 082 00 - DEWEY DECIMAL CLASSIFICATION NUMBER | |
| Classification number | 909/.09824 |
| Edition number | 23 |
| 100 1# - MAIN ENTRY--PERSONAL NAME | |
| Personal name | Beaujard, Philippe, |
| 240 10 - UNIFORM TITLE | |
| Uniform title | <a href="Mondes de l'ocean Indien.">Mondes de l'ocean Indien.</a> |
| Language of a work | English |
| 245 14 - TITLE STATEMENT | |
| Title | The worlds of the Indian Ocean : |
| Remainder of title | a global history. |
| Number of part/section of a work | Volume 1, |
| Name of part/section of a work | From the fourth millennium BCE to the sixth century CE / |
| 250 ## - EDITION STATEMENT | |
| Edition statement | A revised and updated translation. |
| 260 ## - PUBLICATION, DISTRIBUTION, ETC. (IMPRINT) | |
| Place of publication, distribution, etc | London |
| Name of publisher, distributor, etc | Cambridge University Press |
| Date of publication, distribution, etc | 2019 |
| 300 ## - PHYSICAL DESCRIPTION | |
| Extent | 1 online resource (xxiii, 845 pages) : |
| Other physical details | digital, PDF file(s). |
| 500 ## - GENERAL NOTE | |
| General note | Revised and updated translation of: Les mondes de l'océan Indien, Armand Colin, Paris, 2012 . |
| General note | Title from publisher's bibliographic system (viewed on 15 Oct 2019). |
| 520 ## - SUMMARY, ETC. | |
| Summary, etc | Europe's place in history is re-assessed in this first comprehensive history of the ancient world, centering on the Indian Ocean and its role in pre-modern globalization. Philippe Beaujard presents an ambitious and comprehensive global history of the Indian Ocean world, from the earliest state formations to 1500 CE. Supported by a wealth of empirical data, full color maps, plates, and figures, he shows how Asia and Africa dominated the economic and cultural landscape and the flow of ideas in the pre-modern world. This led to a trans-regional division of labor and an Afro-Eurasian world economy. Beaujard questions the origins of capitalism and hints at how this world-system may evolve in the future. The result is a reorienting of world history, taking the Indian Ocean, rather than Europe, as the point of departure. Volume I provides in-depth coverage of the period from the fourth millennium BCE to the sixth century CE. |
| 650 #0 - SUBJECT ADDED ENTRY--TOPICAL TERM | |
| Topical term or geographic name as entry element | Excavations (Archaeology) |
| Geographic subdivision | Indian Ocean Region. |
| Topical term or geographic name as entry element | Globalization |
| General subdivision | History |
| Chronological subdivision | To 1500. |
| Topical term or geographic name as entry element | History, Ancient. |
| 651 #0 - SUBJECT ADDED ENTRY--GEOGRAPHIC NAME | |
| Geographic name | Indian Ocean Region |
| General subdivision | Antiquities. |
| Geographic name | Indian Ocean Region |
| General subdivision | Civilization. |
| Geographic name | Indian Ocean Region |
| General subdivision | Economic conditions. |
| 776 08 - ADDITIONAL PHYSICAL FORM ENTRY | |
| Display text | Print version: |
| International Standard Book Number | 9781108424561 |
| 856 40 - ELECTRONIC LOCATION AND ACCESS | |
| Uniform Resource Identifier | <a href="https://doi.org/10.1017/9781108341004">https://doi.org/10.1017/9781108341004</a> |
| 942 ## - ADDED ENTRY ELEMENTS (KOHA) | |
| Source of classification or shelving scheme | |
| Item type | E-Book |
No items available.